000 01508nam a2200445 i 4500
001 17113
003 KOSZ 005
005 20200507105631.0
008 200507s1976 pl a f e 000 0 pol
015 _aPB 1976/7889
035 _a(PL-WaBN)b16468399-48omnis_nlop
035 _ab16468399
035 _a(OCoLC)749391414
035 _a(PL)b0000016468399
040 _aWA N
_cWA N
_dKOSZ 005/HR
_dKOSZ 005/RW
046 _k1976
080 _a678
080 _a(03)
245 0 0 _aMała encyklopedia polimerów :
_bpraca zbiorowa /
_cpod redakcją Anny Schellenberg.
260 _aWarszawa :
_bWydawnictwa Naukowo-Techniczne,
_c1976.
300 _a[8], 328 stron, [1] karta tablic :
_bilustracje, tablice, wykresy ;
_c22 cm.
336 _aTekst
_btxt
_2rdacontent
337 _aBez urządzenia pośredeniczącego
_bn
_2rdamedia
338 _aWolumin
_bnc
_2rdacarrier
380 _aKsiążki
380 _aPublikacje informacyjne
388 _a1901-2000
388 _a1945-1989
504 _aBibliografia na stronach [327]-328.
650 7 _aPolimery
_2DBN
650 7 _aZastosowanie i wykorzystanie
650 7 _aProdukcja
655 7 _aEncyklopedia
_2DBN
658 _aInżynieria i technika
700 1 _aSchellenberg, Anna
_eRedakcja
710 2 _aWydawnictwa Naukowo-Techniczne
_4pbl
856 _uhttp://koha.tu.koszalin.pl/cgi-bin/koha/opac-detail.pl?biblionumber=17113
_yKatalog online BPK
942 _2UKD
_cKS
999 _c17113
_d17113